[Event "XII. Karnevalsopen"]
[Site "Solingen"]
[Date "2023.02.18"]
[Round "3.14"]
[White "Bauer, Matthias"]
[Black "Borchert, Stephan"]
[Result "0-1"]
[WhiteElo "1623"]
[BlackElo "2090"]
[PlyCount "60"]
[EventDate "2023.??.??"]
[EventType "swiss"]
[EventRounds "5"]
[EventCountry "GER"]

1. d4 Nf6 2. f4 c5 3. e3 b6 4. Nf3 Bb7 5. c3 d6 6. Nbd2 Nbd7 7. Bd3 Qc7 8. Qe2 g6 9. O-O Bg7 10. e4 e6 11. e5 Nd5 12. Ne4 dxe5 13. fxe5 O-O 14. Nd6 h6 15. Bd2 Bc6 16. h4 Ne7 17. h5 Nf5 18. Nxf5 exf5 19. e6 fxe6 20. Qxe6+ Kh8 21. Nh4 Rf6 22. Nxg6+ Kh7 23. Qe3 cxd4 24. cxd4 Qd6 25. Rxf5 Rxf5 26. Bxf5 Bxd4 27. Nf8+ Kg8 28. Be6+ Kxf8 29. Rf1+ Ke7 30. Rf7+ Kd8 0-1

[Event "XII. Karnevalsopen"]
[Site "Solingen"]
[Date "2023.02.18"]
[Round "3.15"]
[White "Tremoehlen, Thomas"]
[Black "Asadzade, Muhammed"]
[Result "1/2-1/2"]
[WhiteElo "1985"]
[BlackElo "1590"]
[PlyCount "100"]
[EventDate "2023.??.??"]
[EventType "swiss"]
[EventRounds "5"]
[EventCountry "GER"]

1. Nf3 c5 2. b3 Nf6 3. Bb2 g6 4. e3 Bg7 5. Be2 O-O 6. d3 Nc6 7. Nbd2 Qc7 8. e4 d5 9. exd5 Nxd5 10. Bxg7 Kxg7 11. O-O Nc3 12. Qe1 Nd4 13. Nxd4 cxd4 14. Bf3 e5 15. Ne4 Nxe4 16. Qxe4 Re8 17. Rac1 Qc3 18. h4 f5 19. Qd5 Qc7 20. Rfe1 Rb8 21. c3 dxc3 22. d4 e4 23. Be2 Be6 24. Qc5 Qxc5 25. dxc5 Red8 26. Rxc3 Rd2 27. Bc4 Bxc4 28. Rxc4 Rxa2 29. Rd1 Rb2 30. Rb4 Rc2 31. Rd7+ Kh6 32. Rc7 Rc1+ 33. Kh2 Rc2 34. c6 b5 35. Rd4 Rb6 36. Rdd7 Kh5 37. Rxh7+ Kg4 38. h5 gxh5 39. Rcg7+ Kf4 40. c7 Rbc6 41. Rf7 Kg5 42. c8=Q Rxc8 43. Rhg7+ Kf4 44. g3+ Ke5 45. Kg2 R8c3 46. Rg5 Rf3 47. Rxh5 Rfxf2+ 48. Kg1 Rg2+ 49. Kh1 Rgf2 50. Kg1 Rg2+ 1/2-1/2

[Event "XII. Karnevalsopen"]
[Site "Solingen"]
[Date "2023.02.18"]
[Round "3.16"]
[White "Dunsche, Daniel"]
[Black "Scheidtmann, Kian"]
[Result "1/2-1/2"]
[WhiteElo "1906"]
[BlackElo "1575"]
[PlyCount "99"]
[EventDate "2023.??.??"]
[EventType "swiss"]
[EventRounds "5"]
[EventCountry "GER"]

1. d4 Nf6 2. Nc3 d5 3. Bf4 e6 4. e3 c5 5. Nb5 Na6 6. c3 Qb6 7. a4 Be7 8. Bd3 Bd7 9. dxc5 Bxc5 10. Nf3 O-O 11. O-O Bxb5 12. axb5 Nc7 13. Qe2 Rfd8 14. Ra4 Bd6 15. Rfa1 Bxf4 16. exf4 Ne4 17. Bxe4 dxe4 18. Qxe4 Nxb5 19. Rb4 a5 20. Rb3 Qa6 21. Ng5 g6 22. h3 Nd6 23. Qe5 b5 24. Rd1 h6 25. Nf3 Rab8 26. Qf6 Qb6 27. Ne5 Qc7 28. c4 Nxc4 29. Rxd8+ Rxd8 30. Nxg6 fxg6 31. Qxg6+ Qg7 32. Qxe6+ Kh8 33. Rxb5 Nd2 34. Qe2 Rg8 35. g3 Qd7 36. Rxa5 Re8 37. Qh5 Qc6 38. Ra1 Nf3+ 39. Kf1 Nd2+ 40. Kg1 Nf3+ 41. Kf1 Nh4 42. Qxe8+ Qxe8 43. gxh4 Qb5+ 44. Kg2 h5 45. Ra3 Qxb2 46. Rg3 Kh7 47. Rg5 Qe2 48. f5 Qe4+ 49. Kg3 Qe5+ 50. Kg2 1/2-1/2

[Event "XII. Karnevalsopen"]
[Site "Solingen"]
[Date "2023.02.18"]
[Round "3.17"]
[White "Arnz, Tom Niklas"]
[Black "Goldenstein, Arnd"]
[Result "1-0"]
[WhiteElo "1633"]
[BlackElo "1905"]
[PlyCount "81"]
[EventDate "2023.??.??"]
[EventType "swiss"]
[EventRounds "5"]
[EventCountry "GER"]

1. e4 e5 2. Nf3 Nc6 3. d4 exd4 4. Bc4 Nf6 5. e5 d5 6. Bb5 Nd7 7. O-O Be7 8. Bxc6 bxc6 9. Nxd4 Nb8 10. f4 c5 11. Nb5 Ba6 12. Qxd5 Bxb5 13. Qxa8 Bc6 14. Qxa7 Qd5 15. Rf3 Qd1+ 16. Rf1 Qxc2 17. Nd2 O-O 18. Qxc7 Re8 19. Nf3 Qe4 20. Bd2 c4 21. Rae1 Bc5+ 22. Kh1 Qc2 23. Bc3 Bf8 24. Qb6 Qa4 25. Qf2 Na6 26. Nd4 Ba8 27. e6 fxe6 28. Nxe6 Qc6 29. Nxg7 Rc8 30. Nf5 Qg6 31. Nh4 Qc6 32. Qg3+ Kf7 33. Qg5 Nc5 34. Qf5+ Kg8 35. Rf3 Rc7 36. Rg3+ Bg7 37. Rxg7+ Rxg7 38. Bxg7 Kxg7 39. Re7+ Kg8 40. Qf7+ Kh8 41. Qxh7# 1-0

[Event "XII. Karnevalsopen"]
[Site "Solingen"]
[Date "2023.02.18"]
[Round "3.18"]
[White "Bock, Juergen"]
[Black "Naupold, Volker"]
[Result "0-1"]
[WhiteElo "1611"]
[BlackElo "1869"]
[PlyCount "68"]
[EventDate "2023.??.??"]
[EventType "swiss"]
[EventRounds "5"]
[EventCountry "GER"]

1. d4 d5 2. Nf3 Nf6 3. e3 e6 4. Bd3 c5 5. c3 Bd7 6. Ne5 c4 7. Bc2 Nc6 8. f4 b5 9. O-O Be7 10. Nd2 b4 11. g4 g6 12. Qf3 Rc8 13. g5 Nh5 14. e4 Qa5 15. Nxd7 Kxd7 16. exd5 exd5 17. f5 Bxg5 18. fxg6 fxg6 19. Qg4+ Kc7 20. Rf7+ Be7 21. Nf3 Rcf8 22. Bf4+ Nxf4 23. Qxf4+ Kd8 24. Ne5 Nxe5 25. Qxe5 Rxf7 26. Qxh8+ Rf8 27. Qxh7 bxc3 28. Re1 Bf6 29. Bxg6 cxb2 30. Re6 Bxd4+ 31. Kg2 Qd2+ 32. Kg3 Qf2+ 33. Kg4 Qg2+ 34. Kh5 Qh3+ 0-1

[Event "XII. Karnevalsopen"]
[Site "Solingen"]
[Date "2023.02.18"]
[Round "3.19"]
[White "Tonev, Vasil"]
[Black "Becker, Carsten"]
[Result "1-0"]
[WhiteElo "1560"]
[BlackElo "1847"]
[PlyCount "61"]
[EventDate "2023.??.??"]
[EventType "swiss"]
[EventRounds "5"]
[EventCountry "GER"]

1. f4 Nf6 2. Nf3 d6 3. e3 Bg4 4. b3 Nbd7 5. Be2 c6 6. O-O e5 7. fxe5 Nxe5 8. Bb2 Nxf3+ 9. Bxf3 Bxf3 10. Qxf3 Be7 11. d3 Qa5 12. c4 Qg5 13. Nd2 d5 14. Rae1 Rd8 15. Qe2 Bd6 16. Bxf6 gxf6 17. Nf3 Qh6 18. e4 d4 19. e5 Bb4 20. exf6+ Kf8 21. Qe5 Bd6 22. Qf5 Rg8 23. Re4 Rg6 24. Rh4 Rxf6 25. Qxh7 Qe3+ 26. Kh1 Rxf3 27. gxf3 Re8 28. Qh8+ Ke7 29. Re4+ Qxe4 30. Qxe8+ Kxe8 31. fxe4 1-0

[Event "XII. Karnevalsopen"]
[Site "Solingen"]
[Date "2023.02.18"]
[Round "3.20"]
[White "Kock, Sebastian"]
[Black "Schmitz, Constantin"]
[Result "1-0"]
[WhiteElo "1824"]
[BlackElo "1534"]
[PlyCount "77"]
[EventDate "2023.??.??"]
[EventType "swiss"]
[EventRounds "5"]
[EventCountry "GER"]

1. d4 d5 2. c4 c6 3. Nf3 Nf6 4. Nc3 Bf5 5. cxd5 cxd5 6. Qb3 b6 7. Bg5 Ne4 8. Qxd5 Qxd5 9. Nxd5 Kd7 10. e3 f6 11. Bf4 Nd6 12. Bxd6 Kxd6 13. Nc3 Nc6 14. a3 e6 15. Rc1 Be7 16. Ba6 Rab8 17. b4 h5 18. O-O g5 19. Nd2 h4 20. Nb5+ Kd7 21. Rc3 Bd8 22. Rfc1 Ne7 23. e4 Bg6 24. Nxa7 Ke8 25. Nc6 Nxc6 26. Rxc6 Ke7 27. Rc8 Rxc8 28. Rxc8 h3 29. Bb5 hxg2 30. Kxg2 Rh4 31. f3 g4 32. Kg3 Rh3+ 33. Kxg4 Rxh2 34. Nc4 Bh5+ 35. Kg3 Rc2 36. d5 exd5 37. exd5 Be8 38. d6+ Kf7 39. d7 1-0

[Event "XII. Karnevalsopen"]
[Site "Solingen"]
[Date "2023.02.18"]
[Round "3.21"]
[White "Schuricht, Paul Alexander"]
[Black "Peschges, Paul"]
[Result "0-1"]
[WhiteElo "1535"]
[BlackElo "1773"]
[PlyCount "82"]
[EventDate "2023.??.??"]
[EventType "swiss"]
[EventRounds "5"]
[EventCountry "GER"]

1. e4 c6 2. d4 d5 3. f3 Qb6 4. Nc3 dxe4 5. fxe4 e5 6. Nf3 exd4 7. Qxd4 Nf6 8. Qxb6 axb6 9. a3 b5 10. e5 Nfd7 11. Ne4 Nc5 12. Nxc5 Bxc5 13. Bd3 O-O 14. Bd2 Re8 15. O-O-O Bg4 16. Rde1 Nd7 17. Bf4 Nf8 18. h3 Be6 19. Be3 Be7 20. Kb1 Bd5 21. Bf5 Ra4 22. Rd1 Rea8 23. c3 Rd8 24. Bb6 Re8 25. Rhe1 Ne6 26. Bxe6 fxe6 27. Rd4 Ra6 28. Bc7 c5 29. Rf4 Rc8 30. Bd6 Bxd6 31. exd6 Rxd6 32. Ne5 Bb3 33. Kc1 Rcd8 34. Rff1 Rd2 35. g3 Rc2+ 36. Kb1 Rdd2 37. Rf7 Rxb2+ 38. Ka1 Ra2+ 39. Kb1 Rdb2+ 40. Kc1 Re2 41. Rxe2 Rxe2 0-1

[Event "XII. Karnevalsopen"]
[Site "Solingen"]
[Date "2023.02.18"]
[Round "3.22"]
[White "Maenken, Merlin"]
[Black "Pfennig, Konstantin"]
[Result "1/2-1/2"]
[WhiteElo "1768"]
[BlackElo "1486"]
[PlyCount "69"]
[EventDate "2023.??.??"]
[EventType "swiss"]
[EventRounds "5"]
[EventCountry "GER"]

1. d4 Nf6 2. c4 e6 3. Nf3 Bb4+ 4. Bd2 a5 5. a3 Bxd2+ 6. Qxd2 d5 7. Nc3 O-O 8. e3 Nbd7 9. cxd5 exd5 10. Bd3 c6 11. O-O Qe7 12. Ne2 Ne4 13. Qc2 f5 14. Ng3 Ndf6 15. Ne5 Nxg3 16. hxg3 Ne4 17. Bxe4 fxe4 18. f3 Qg5 {(=)} 19. Kf2 exf3 20. gxf3 Bf5 21. Qc5 Rae8 22. b4 Bd3 23. Rh1 Rxe5 24. dxe5 Be4 25. f4 Qg4 26. Rhg1 b6 27. Qc3 axb4 28. axb4 Qh5 29. Ke1 Qh2 30. Rf1 Qxg3+ 31. Rf2 Rxf4 32. Ra8+ Kf7 33. Ra7+ Kf8 34. Ra8+ Kf7 35. Ra7+ 1/2-1/2

[Event "XII. Karnevalsopen"]
[Site "Solingen"]
[Date "2023.02.18"]
[Round "3.23"]
[White "Schueller, Reinhard"]
[Black "Schmidt, Sebastian"]
[Result "1/2-1/2"]
[WhiteElo "1357"]
[BlackElo "1761"]
[PlyCount "53"]
[EventDate "2023.??.??"]
[EventType "swiss"]
[EventRounds "5"]
[EventCountry "GER"]

1. e4 c5 2. Nf3 Nc6 3. d4 cxd4 4. Nxd4 Nf6 5. Nc3 e5 6. Ndb5 d6 7. Bg5 Be7 8. Bxf6 gxf6 9. Nd5 O-O 10. Be2 a6 11. Nbc3 f5 12. exf5 Bxf5 13. Bd3 Bxd3 14. Qxd3 f5 15. Qg3+ Kh8 16. O-O-O Nd4 17. Kb1 f4 18. Qd3 b5 19. Rhe1 {(=)} Rc8 20. Nxe7 Qxe7 21. Qxd4 exd4 22. Rxe7 dxc3 23. Rxd6 Rfe8 24. Rde6 Rxe7 25. Rxe7 Rd8 26. bxc3 Rd2 27. Rf7 1/2-1/2

[Event "XII. Karnevalsopen"]
[Site "Solingen"]
[Date "2023.02.18"]
[Round "3.24"]
[White "Kuberczyk, Samuel"]
[Black "Anschuetz, Wolfgang"]
[Result "1/2-1/2"]
[WhiteElo "1269"]
[BlackElo "1728"]
[PlyCount "63"]
[EventDate "2023.??.??"]
[EventType "swiss"]
[EventRounds "5"]
[EventCountry "GER"]

1. d4 Nf6 2. Nf3 g6 3. c4 c5 4. d5 b5 5. b3 bxc4 6. bxc4 d6 7. Nbd2 Qa5 8. e3 Bg7 9. Bb2 Bd7 10. Bd3 Na6 11. O-O Nb4 12. Nb3 Qc7 13. Re1 Nxd3 14. Qxd3 O-O 15. Bc3 a5 16. Nbd2 a4 17. a3 Rab8 18. Rab1 Rxb1 19. Rxb1 Rb8 20. h3 Rb6 21. Rxb6 Qxb6 22. Qb1 Qxb1+ 23. Nxb1 Bf5 24. Nbd2 Ne4 25. Bxg7 Kxg7 26. g4 Nxd2 27. Nxd2 Bd3 28. e4 g5 29. Kg2 Kf6 30. Kf3 e6 31. Ke3 Bc2 32. Nf3 1/2-1/2

[Event "XII. Karnevalsopen"]
[Site "Solingen"]
[Date "2023.02.18"]
[Round "3.26"]
[White "Shivkumar, Siddharth"]
[Black "Dhanasekaran Meenambigai, Diya"]
[Result "1-0"]
[WhiteElo "1845"]
[BlackElo "1416"]
[PlyCount "51"]
[EventDate "2023.??.??"]
[EventType "swiss"]
[EventRounds "5"]
[EventCountry "GER"]

1. e4 c5 2. Nc3 d6 3. f4 Nf6 4. Bb5+ Bd7 5. Bxd7+ Qxd7 6. Nf3 Nc6 7. d3 g6 8. O-O Bg7 9. a3 O-O 10. Qe1 Rac8 11. h3 e5 12. Qh4 exf4 13. Bxf4 Rfe8 14. Bh6 d5 15. Bxg7 Kxg7 16. exd5 Nxd5 17. Ng5 Nf6 18. Rxf6 Qd4+ 19. Qxd4 cxd4 20. Rxf7+ Kh6 21. Nce4 Rxe4 22. Nxe4 b6 23. Raf1 Rh8 24. R1f4 Kh5 25. Ng3+ Kg5 26. Rg4+ 1-0

[Event "XII. Karnevalsopen"]
[Site "Solingen"]
[Date "2023.02.18"]
[Round "3.28"]
[White "Marcziter, Alex"]
[Black "Fuelber, Dirk"]
[Result "1-0"]
[WhiteElo "1583"]
[BlackElo "1229"]
[PlyCount "41"]
[EventDate "2023.??.??"]
[EventType "swiss"]
[EventRounds "5"]
[EventCountry "GER"]

1. e4 e6 2. d4 d5 3. e5 c5 4. c3 Nc6 5. Nf3 Qb6 6. a3 h6 7. b4 cxb4 8. cxb4 a6 9. Nc3 Bd7 10. Bb2 Nge7 11. Na4 Qc7 12. Nc5 Nf5 13. g4 Nfe7 14. Rc1 Ng6 15. Qd2 Be7 16. h4 O-O-O 17. a4 f6 18. b5 b6 19. Nxa6 Qb7 20. bxc6 Bxc6 21. Bb5 1-0

[Event "XII. Karnevalsopen"]
[Site "Solingen"]
[Date "2023.02.18"]
[Round "3.29"]
[White "Guelcan, Batuhan Ege"]
[Black "Rades, Andreas"]
[Result "1-0"]
[WhiteElo "1525"]
[BlackElo "1542"]
[PlyCount "81"]
[EventDate "2023.??.??"]
[EventType "swiss"]
[EventRounds "5"]
[EventCountry "GER"]

1. d4 c6 2. c4 d5 3. Nc3 Nf6 4. Nf3 e6 5. e3 Bd6 6. Qc2 Nbd7 7. Bd3 dxc4 8. Bxc4 b5 9. Bd3 Bb7 10. b3 O-O 11. Bb2 a6 12. Ne4 Bb4+ 13. Ned2 Rc8 14. a3 Ba5 15. b4 Bb6 16. Ne4 Nxe4 17. Bxe4 Nf6 18. Bd3 g6 19. Qb1 Bc7 20. h3 Qe7 21. Bc3 Nd7 22. Qb2 f6 23. Rd1 e5 24. dxe5 Nxe5 25. Be2 Bb8 26. Bd4 Bd6 27. Rc1 Nd7 28. Qa2+ Kg7 29. Ng5 Rfe8 30. Bf3 Be5 31. Bxe5 Nxe5 32. Ne4 Nd3+ 33. Ke2 Nxc1+ 34. Rxc1 c5 35. Nxc5 Bxf3+ 36. gxf3 Rc6 37. h4 Rd8 38. Rg1 Rcd6 39. Ne4 Qxe4 40. fxe4 Rd2+ 41. Qxd2 1-0

[Event "XII. Karnevalsopen"]
[Site "Solingen"]
[Date "2023.02.18"]
[Round "3.30"]
[White "Goerzen, Lina"]
[Black "Kelch, Volker"]
[Result "1/2-1/2"]
[WhiteElo "1342"]
[BlackElo "1655"]
[PlyCount "128"]
[EventDate "2023.??.??"]
[EventType "swiss"]
[EventRounds "5"]
[EventCountry "GER"]

1. e4 c6 2. d4 d5 3. Nc3 dxe4 4. Nxe4 Nf6 5. Nxf6+ exf6 6. Bd3 Bd6 7. c3 O-O 8. Qc2 h5 9. Ne2 Re8 10. Be3 Be6 11. Ng3 g6 12. Ne4 Bc7 13. O-O-O Nd7 14. h4 b5 15. Qe2 a5 16. f3 f5 17. Bg5 f6 18. Nxf6+ Nxf6 19. Qf2 Bxa2 20. g4 hxg4 21. h5 Ne4 22. Bxd8 Nxf2 23. Bxc7 Nxd1 24. Kxd1 Kh7 25. fxg4 Re7 26. Be5 Be6 27. hxg6+ Kxg6 28. gxf5+ Bxf5 29. Rg1+ Kf7 30. Bxf5 Rg8 31. Rxg8 Kxg8 32. Kc2 a4 33. Bg4 Ra7 34. Bd6 Kf7 35. Bf3 Ke6 36. Ba3 Rc7 37. Kd3 Kf5 38. Ke3 Rc8 39. d5 cxd5 40. Bxd5 Ke5 41. Bg2 Rc7 42. Bf1 Rb7 43. Bd3 Rb8 44. Kd2 Rb7 45. Kc2 Kd5 46. Kb1 Rb8 47. Ka2 Rb7 48. b3 axb3+ 49. Kxb3 Rb8 50. Kb4 Kc6 51. Bc1 Kb6 52. Bxb5 Ka7 53. Be3+ Kb7 54. c4 Rc8 55. Bc5 Rg8 56. Ka5 Ra8+ 57. Kb4 Rc8 58. Bd4 Rd8 59. Kc5 Rc8+ 60. Kd5 Rd8+ 61. Ke4 Rf8 62. c5 Rc8 63. c6+ Rxc6 64. Bxc6+ Kxc6 1/2-1/2

[Event "XII. Karnevalsopen"]
[Site "Solingen"]
[Date "2023.02.18"]
[Round "3.31"]
[White "Mekus, Manuela"]
[Black "Fetahovic, Sarah"]
[Result "0-1"]
[WhiteElo "1624"]
[BlackElo "1342"]
[PlyCount "48"]
[EventDate "2023.??.??"]
[EventType "swiss"]
[EventRounds "5"]
[EventCountry "GER"]

1. Nf3 Nf6 2. g3 b6 3. Bg2 Bb7 4. d3 d5 5. c3 e6 6. O-O Bd6 7. Nbd2 Nbd7 8. Re1 Qe7 9. e4 dxe4 10. Nxe4 Nxe4 11. dxe4 O-O-O 12. Qa4 a5 13. e5 Bc5 14. Bd2 Bxf3 15. Bxf3 Nxe5 16. Rxe5 Rxd2 17. Qc6 Qf6 18. Qb7+ Kd8 19. Qb8+ Kd7 20. Qxh8 Qxf3 21. Re2 Qxe2 22. Kg2 Qxf2+ 23. Kh3 Qf5+ 24. g4 Qf3+ 0-1

[Event "XII. Karnevalsopen"]
[Site "Solingen"]
[Date "2023.02.18"]
[Round "3.32"]
[White "Albrecht, Philipp"]
[Black "Neumair, Dorian"]
[Result "1/2-1/2"]
[WhiteElo "1437"]
[BlackElo "1328"]
[PlyCount "54"]
[EventDate "2023.??.??"]
[EventType "swiss"]
[EventRounds "5"]
[EventCountry "GER"]

1. d4 d5 2. Bf4 Nf6 3. e3 Nc6 4. Nd2 Bf5 5. c3 e6 6. Ngf3 Bd6 7. Bg3 a6 8. Be2 O-O 9. Nh4 Bg6 10. Nxg6 hxg6 11. f4 Ne7 12. Bf2 b6 13. h4 Nh7 14. Nf3 c5 15. h5 gxh5 16. Rxh5 Nf6 17. Rh3 c4 18. Ng5 g6 19. Bg4 Nf5 20. Bxf5 exf5 21. Kd2 Kg7 {(=)} 22. Qh1 Rh8 23. Qh2 Rxh3 24. gxh3 Qe7 25. Rg1 Ne4+ 26. Nxe4 Qxe4 27. Qg2 Qxg2 1/2-1/2

[Event "XII. Karnevalsopen"]
[Site "Solingen"]
[Date "2023.02.18"]
[Round "3.33"]
[White "Fodor, Bernhard"]
[Black "Sprenger, Kuno"]
[Result "0-1"]
[WhiteElo "1307"]
[BlackElo "1430"]
[PlyCount "74"]
[EventDate "2023.??.??"]
[EventType "swiss"]
[EventRounds "5"]
[EventCountry "GER"]

1. f4 d5 2. Nf3 e6 3. a3 Nf6 4. d3 Bc5 5. g3 Ng4 6. d4 Bb6 7. Nc3 Nd7 8. e3 a6 9. Bd3 c5 10. Ng5 Ngf6 11. Ne2 h6 12. Nf3 c4 13. Bg6 fxg6 14. Ne5 Nxe5 15. fxe5 Ne4 16. O-O g5 17. Nc3 Qe7 18. Qh5+ Kd8 19. Rf7 Qe8 20. Qf3 g4 21. Qf1 Ng5 22. Rxg7 Rf8 23. Bd2 Rxf1+ 24. Rxf1 Nf3+ 25. Kg2 h5 26. h3 Qf8 27. Rh7 Qf5 28. Rh8+ Kc7 29. hxg4 hxg4 30. e4 Qg6 31. Rh6 Qg8 32. Rfh1 Nxd2 33. exd5 Kb8 34. Rh8 Qf7 35. R1h7 Qf3+ 36. Kh2 Nf1+ 37. Kg1 Bxd4# 0-1

[Event "XII. Karnevalsopen"]
[Site "Solingen"]
[Date "2023.02.18"]
[Round "3.34"]
[White "Balla, Aanand"]
[Black "Pernizki, Max"]
[Result "0-1"]
[WhiteElo "1421"]
[BlackElo "1208"]
[PlyCount "132"]
[EventDate "2023.??.??"]
[EventType "swiss"]
[EventRounds "5"]
[EventCountry "GER"]

1. e4 c6 2. d4 d5 3. exd5 cxd5 4. Bd3 Nc6 5. c3 Nf6 6. Nf3 Bg4 7. h3 Bh5 8. Bf4 Qb6 9. b3 e6 10. Nbd2 Be7 11. O-O Rc8 12. Rc1 O-O 13. b4 Qd8 14. a4 Bd6 15. Bg3 e5 16. b5 e4 17. bxc6 bxc6 18. Be2 Bxg3 19. fxg3 exf3 20. Nxf3 Ne4 21. g4 Bg6 22. Ne5 Qd6 23. Bd3 Rfe8 24. Bxe4 dxe4 25. Qb3 Qd5 26. Qxd5 cxd5 27. Nxg6 hxg6 28. Kf2 Rc4 29. a5 Rec8 30. Rb1 Rxc3 31. Rb7 R3c7 32. a6 Rxb7 33. axb7 Rb8 34. Rb1 a6 35. Ke3 g5 36. g3 Kf8 37. h4 gxh4 38. gxh4 Ke7 39. Kf4 f6 40. g5 a5 41. Rb5 a4 42. gxf6+ Kxf6 43. Rb6+ Ke7 44. Ra6 Rxb7 45. Rxa4 Rd7 46. Ke5 Kf7 47. Ra5 g6 48. Ra6 e3 49. Rf6+ Kg7 50. Rf1 e2 51. Re1 Kf7 52. Kf4 Re7 53. Kf3 Re4 54. Rxe2 Rxd4 55. Rf2 Kg7 56. Rh2 Kh6 57. Rh1 Kh5 58. Re1 Re4 59. Rxe4 dxe4+ 60. Kxe4 Kxh4 61. Kf4 g5+ 62. Kf3 Kh3 63. Kf2 g4 64. Kg1 Kg3 65. Kh1 Kf2 66. Kh2 g3+ 0-1

[Event "XII. Karnevalsopen"]
[Site "Solingen"]
[Date "2023.02.18"]
[Round "3.35"]
[White "Ricken, Harald"]
[Black "Huettner, Moritz"]
[Result "0-1"]
[WhiteElo "1349"]
[BlackElo "1187"]
[PlyCount "101"]
[EventDate "2023.??.??"]
[EventType "swiss"]
[EventRounds "5"]
[EventCountry "GER"]

1. Nf3 c6 2. c4 d5 3. e3 Bf5 4. Nc3 Nf6 5. d4 e6 6. Qb3 Qc7 7. cxd5 cxd5 8. Ne5 Bd6 9. Bb5+ Nbd7 10. Nxd7 Nxd7 11. Ne2 O-O 12. Bd2 Nf6 13. Ng3 Bg6 14. O-O Rac8 15. Rac1 Qe7 16. Bd3 Bxd3 17. Qxd3 Rc7 18. e4 Bxg3 19. Qxg3 Rxc1 20. Rxc1 Nxe4 21. Qe3 Nxd2 22. Qxd2 h6 23. Qf4 Qd8 24. h4 Qb8 25. Qg4 Rc8 26. Re1 Rc2 27. Rb1 Qc7 28. Qd1 b5 29. a3 a5 30. g3 {(=)} b4 31. axb4 axb4 32. b3 Rc3 33. h5 e5 34. dxe5 Qxe5 35. Ra1 g6 36. Qg4 Rxg3+ 37. fxg3 Qxa1+ 38. Kg2 Qg7 39. hxg6 Qxg6 40. Qxb4 Qf6 41. Qg4+ Kh7 42. b4 d4 43. Qd7 Kg7 44. b5 Qb6 45. Qc6 Qd8 46. b6 d3 47. Qc7 Qd5+ 48. Kh3 d2 49. b7 Qh1+ 50. Kg4 d1=Q+ 51. Kf5 0-1

[Event "XII. Karnevalsopen"]
[Site "Solingen"]
[Date "2023.02.19"]
[Round "4.1"]
[White "Kuehn, Viktoria"]
[Black "Jugelt, Tobias"]
[Result "0-1"]
[WhiteElo "1862"]
[BlackElo "2381"]
[PlyCount "108"]
[EventDate "2023.??.??"]
[EventType "swiss"]
[EventRounds "5"]
[EventCountry "GER"]

1. e4 d5 2. exd5 Qxd5 3. Nc3 Qd8 4. d4 Nf6 5. h3 c6 6. Nf3 Bf5 7. Bd3 Bxd3 8. Qxd3 e6 9. O-O Nbd7 10. Re1 Be7 11. Bf4 O-O 12. Rad1 Nb6 13. Ne4 Nxe4 14. Qxe4 Qd5 15. Qxd5 cxd5 16. Bc7 Rfc8 17. Bxb6 axb6 18. c3 Rxa2 19. Rb1 b5 20. Ne5 b4 21. cxb4 Bxb4 22. Rec1 Raa8 23. Nd3 Bd6 24. g3 g6 25. b3 Ba3 26. Rxc8+ Rxc8 27. Kf1 Rc2 28. Ke1 Be7 29. Rc1 Bb4+ 30. Kf1 Rc3 31. Ke2 Rxb3 32. Rc8+ Kg7 33. Rc7 Bd6 34. Rd7 Rb6 35. g4 h5 36. f4 hxg4 37. hxg4 Kf8 38. Rd8+ Ke7 39. Ra8 Ra6 40. Rc8 b5 41. Rc2 Ra4 42. Ke3 Ra3 43. Kd2 b4 44. Rb2 Kf6 45. Ne5 Rg3 46. Ke1 Re3+ 47. Kf2 Re4 48. g5+ Kg7 49. Kf3 Rxd4 50. Nd7 Bxf4 51. Rg2 Bd2 52. Ke2 b3 53. Rg1 b2 54. Ne5 Bc1 0-1

[Event "XII. Karnevalsopen"]
[Site "Solingen"]
[Date "2023.02.19"]
[Round "4.2"]
[White "Michalczak, Thomas"]
[Black "Scharfenberg, Michael"]
[Result "1-0"]
[WhiteElo "2254"]
[BlackElo "2169"]
[PlyCount "61"]
[EventDate "2023.??.??"]
[EventType "swiss"]
[EventRounds "5"]
[EventCountry "GER"]

1. e4 c5 2. Nf3 d6 3. d4 cxd4 4. Nxd4 Nf6 5. Nc3 e6 6. g4 h6 7. Rg1 Nc6 8. Be3 Bd7 9. Qe2 a6 10. O-O-O g5 11. h4 Nxd4 12. Bxd4 e5 13. Be3 gxh4 14. f4 Rg8 15. g5 Nh7 16. Nd5 Qa5 17. Bb6 Qxa2 18. Nc7+ Ke7 19. Nxa8 Qa1+ 20. Kd2 Qxb2 21. Qc4 hxg5 22. Nc7 Bc6 23. Nd5+ Bxd5 24. Qc7+ Kf6 25. exd5 exf4 26. Bd3 Kg7 27. Rb1 Qe5 28. Qc4 Kh6 29. Bd4 Qe7 30. Qc8 b5 31. Rbe1 1-0

[Event "XII. Karnevalsopen"]
[Site "Solingen"]
[Date "2023.02.19"]
[Round "4.3"]
[White "Pauls, Wilhelm"]
[Black "Volkov, Mykyta"]
[Result "0-1"]
[WhiteElo "1978"]
[BlackElo "2251"]
[PlyCount "62"]
[EventDate "2023.??.??"]
[EventType "swiss"]
[EventRounds "5"]
[EventCountry "GER"]

1. e4 e6 2. d4 d5 3. Nc3 Nf6 4. Bg5 Be7 5. e5 Nfd7 6. h4 Bxg5 7. hxg5 Qxg5 8. Nh3 Qh4 9. g3 Qe7 10. Qg4 g6 11. Nf4 Nc6 12. O-O-O h5 13. Qf3 Nb6 14. Bd3 Nxd4 15. Qg2 Nc6 16. Rde1 Nb4 17. Be2 Bd7 18. Kb1 O-O-O 19. a3 Nc6 20. Bd3 Rhg8 21. f3 f5 22. exf6 Qxf6 23. Qh2 Ne5 24. Rxe5 Qxe5 25. Nxg6 Qf6 26. Nf4 Rdf8 27. Qf2 Bc6 28. Qc5 Kb8 29. Bh7 Rh8 30. Ng6 Nd7 31. Qb4 Rxh7 0-1

[Event "XII. Karnevalsopen"]
[Site "Solingen"]
[Date "2023.02.19"]
[Round "4.4"]
[White "Neumair, Jerome"]
[Black "Schuricht, Emil Frederick"]
[Result "1/2-1/2"]
[WhiteElo "2076"]
[BlackElo "1730"]
[PlyCount "75"]
[EventDate "2023.??.??"]
[EventType "swiss"]
[EventRounds "5"]
[EventCountry "GER"]

{[%evp 0,75,44,29,14,-22,24,21,40,16,26,26,41,21,50,11,26,11,16,16,18,6,12,10,46,30,30,23,92,-4,-4,-4,21,22,14,-25,-28,-14,-26,-41,-15,-9,-14,10,12,-16,27,-6,28,17,57,61,45,47,40,24,24,20,33,13,18,15,3,12,8,6,6,6,4,-20,-18,-9,-19,-16,-24,-106,-24,-17]} 1. d4 d5 2. c4 c6 3. Nc3 Nf6 4. e3 e6 5. Nf3 Nbd7 6. Be2 Bd6 7. O-O O-O 8. b3 b6 9. Bb2 Bb7 10. Qc2 Rc8 11. Rad1 c5 12. dxc5 Nxc5 13. cxd5 Nce4 14. Qd3 Nxc3 15. Bxc3 Nxd5 16. Bb2 Qe7 17. Qd4 f6 18. Bd3 Rfd8 19. Qh4 f5 20. Qxe7 Bxe7 21. Bc4 g6 22. Rd2 Nc7 23. Rfd1 Rxd2 24. Rxd2 Bxf3 25. gxf3 Rd8 26. Rxd8+ Bxd8 27. a4 Kf7 28. Be5 Ne8 29. Bb5 Nf6 30. Ba6 Nd7 31. Bd6 Be7 {(=)} 32. Bc7 Bb4 33. Kf1 Ke7 34. Ke2 Bd6 35. Bxd6+ Kxd6 36. b4 Nb8 37. Bb7 Nc6 38. Bxc6 1/2-1/2

[Event "XII. Karnevalsopen"]
[Site "Solingen"]
[Date "2023.02.19"]
[Round "4.6"]
[White "Atali, Dogukan"]
[Black "Langner, Jasper"]
[Result "1/2-1/2"]
[WhiteElo "1829"]
[BlackElo "1980"]
[PlyCount "70"]
[EventDate "2023.??.??"]
[EventType "swiss"]
[EventRounds "5"]
[EventCountry "GER"]

1. e4 d6 2. d4 Nd7 3. Nf3 g6 4. Be2 Bg7 5. O-O e5 6. Nc3 Ngf6 7. Be3 O-O 8. dxe5 dxe5 9. Bc4 c6 10. a4 Qe7 11. Qe2 h6 12. Nd2 Nh5 13. Rfd1 Nc5 14. Nf1 Ne6 15. Ng3 Nhf4 16. Qd2 Rd8 17. Qc1 Rxd1+ 18. Qxd1 h5 19. Qd2 Qg5 20. Rd1 Bf6 21. Bf1 Nd4 22. Bxd4 exd4 23. Nce2 Nxe2+ 24. Nxe2 Qxd2 25. Rxd2 c5 26. f4 Be6 27. Kf2 a6 28. e5 Bd8 29. c3 Ba5 30. Kg3 Bb3 31. Rd3 Bc4 32. Rd1 Bxe2 33. Bxe2 dxc3 34. bxc3 Bxc3 35. Rd7 Be1+ 1/2-1/2